[Event "Pan American-ch U18 24th"]
[Site "Pocos de Caldas"]
[Date "2013.07.30"]
[Round "7.8"]
[White "Aleman Hernandez, Andres"]
[Black "Madrigal Perez, Rodrigo"]
[Result "1-0"]
[WhiteElo "2131"]
[BlackElo "2005"]
[PlyCount "72"]
[EventDate "2013.07.25"]
[EventType "swiss"]
[EventRounds "9"]
[EventCountry "BRA"]
[SourceTitle "EXT 2016"]
[Source "ChessBase"]
[SourceDate "2015.10.08"]
[SourceVersion "1"]
[SourceVersionDate "2015.10.08"]
[SourceQuality "1"]

1. e4 e5 2. Nf3 Nc6 3. d4 exd4 4. Bc4 Nf6 5. 0-0 Nxe4 6. Re1 d5 7. Bxd5 Qxd5 8. Nc3 Qa5 9. Nxe4 Be6 10. Bd2 Qh5 11. Bg5 Be7 12. Bxe7 Nxe7 13. Nxd4 Bg4 14. f3 Bd7 15. Ng3 Qc5 16. Kh1 0-0-0 17. Ne4 Qb6 18. Nb3 Nf5 19. Qd2 Kb8 20. Qf4 h6 21. Nec5 Bc8 22. a4 g5 23. Qc4 Nd6 24. Qc3 g4 25. fxg4 Rhg8 26. a5 Qb5 27. Ra4 Rde8 28. Rg1 Qe2 29. Nd4 Ne4 30. Nxe4 Qxe4 31. Rb4 Bd7 32. Nf3 Qe3 33. Qxe3 Rxe3 34. Rd1 c5 35. Rf4 Rg7 36. h3 Kc7 1-0

[Event "Pan American-ch U18 24th"]
[Site "Pocos de Caldas"]
[Date "2013.07.29"]
[Round "6.7"]
[White "Madrigal Perez, Rodrigo"]
[Black "Oliva Meneses, Juan Carlos"]
[Result "1/2-1/2"]
[WhiteElo "2005"]
[BlackElo "2057"]
[PlyCount "109"]
[EventDate "2013.07.25"]
[EventType "swiss"]
[EventRounds "9"]
[EventCountry "BRA"]
[SourceTitle "EXT 2016"]
[Source "ChessBase"]
[SourceDate "2015.10.08"]
[SourceVersion "1"]
[SourceVersionDate "2015.10.08"]
[SourceQuality "1"]

1. e4 e6 2. d4 d5 3. Nd2 Be7 4. Ngf3 Nf6 5. e5 Nfd7 6. Bd3 c5 7. c3 b6 8. 0-0 Ba6 9. Bxa6 Nxa6 10. Re1 0-0 11. c4 Nc7 12. b3 Rc8 13. Bb2 b5 14. Rc1 bxc4 15. bxc4 Nb6 16. Ba3 Na6 17. Qe2 dxc4 18. Nxc4 Nxc4 19. Rxc4 Qa5 20. Bc1 cxd4 21. Rxd4 Rfd8 22. Rg4 Nc5 23. Rf1 Qc3 24. Bh6 g6 25. Rc4 Qd3 26. Qxd3 Nxd3 27. Rxc8 Rxc8 28. Rd1 Nb4 29. h3 Nd5 30. Rb1 Bf8 31. Bd2 Nb6 32. a4 Nxa4 33. Rb7 h6 34. Rxa7 Nb6 35. Rb7 Nd5 36. g3 Rc7 37. Rb8 Kg7 38. Bxh6+ Kxh6 39. Rxf8 Kg7 40. Rb8 Ne7 41. Rb5 Nd5 42. Rb3 Ra7 43. Kg2 Rc7 44. Nd4 Ra7 45. Nb5 Rb7 46. Nd4 Ra7 47. Rb8 Ne7 48. h4 Rd7 49. Nf3 Nf5 50. Ng5 Nd4 51. Nf3 Nxf3 52. Kxf3 Rd4 53. Rb7 Ra4 54. Kg2 Ra5 55. f4 1/2-1/2

[Event "Wch U16"]
[Site "Maribor"]
[Date "2012.11.18"]
[Round "11.46"]
[White "Madrigal Perez, Rodrigo"]
[Black "Bosnjak, Petar"]
[Result "1/2-1/2"]
[WhiteElo "1924"]
[BlackElo "2086"]
[PlyCount "64"]
[EventDate "2012.11.08"]
[EventType "swiss"]
[EventRounds "11"]
[EventCountry "SLO"]
[SourceTitle "EXT 2013"]
[Source "ChessBase"]
[SourceDate "2012.11.22"]
[SourceVersion "1"]
[SourceVersionDate "2012.11.22"]
[SourceQuality "1"]

1. e4 e5 2. Nf3 Nc6 3. d4 exd4 4. Nxd4 Nf6 5. Nxc6 bxc6 6. e5 Qe7 7. Qe2 Nd5 8. c4 Nb6 9. b3 a5 10. Bb2 a4 11. Qc2 Qg5 12. g3 Bb4+ 13. Nd2 a3 14. Bc3 Bxc3 15. Qxc3 0-0 16. Bg2 Ba6 17. 0-0 d5 18. exd6 cxd6 19. Nf3 Qc5 20. Rfc1 Rfc8 21. b4 Qxc4 22. Qe3 Nd5 23. Qg5 Qxb4 24. Rab1 Qe4 25. Nh4 Qe5 26. Qxe5 dxe5 27. Rb3 Ne7 28. Nf3 e4 29. Ne5 f5 30. f3 exf3 31. Nxf3 c5 32. Ne5 Rab8 1/2-1/2

[Event "Wch U16"]
[Site "Maribor"]
[Date "2012.11.17"]
[Round "10.41"]
[White "Wagdy, Andro"]
[Black "Madrigal Perez, Rodrigo"]
[Result "1-0"]
[WhiteElo "2084"]
[BlackElo "1924"]
[PlyCount "93"]
[EventDate "2012.11.08"]
[EventType "swiss"]
[EventRounds "11"]
[EventCountry "SLO"]
[SourceTitle "EXT 2013"]
[Source "ChessBase"]
[SourceDate "2012.11.22"]
[SourceVersion "1"]
[SourceVersionDate "2012.11.22"]
[SourceQuality "1"]

1. c4 e5 2. Nc3 f5 3. e3 Nf6 4. d4 e4 5. Nh3 c6 6. Be2 Be7 7. 0-0 0-0 8. f3 exf3 9. Bxf3 d6 10. Nf4 Na6 11. g3 Nc7 12. d5 c5 13. Qc2 Nd7 14. b3 Ne5 15. Bg2 Bf6 16. Nh5 Be7 17. Bb2 g6 18. Nf4 Bf6 19. Rae1 a6 20. e4 b5 21. exf5 Bxf5 22. Ne4 Bg7 23. Qe2 bxc4 24. bxc4 Rb8 25. Bc3 Re8 26. h3 Qd7 27. Qc2 Qd8 28. Re2 Bxe4 29. Rxe4 Qg5 30. Kh2 Qd8 31. Kh1 Qd7 32. Ba5 Bh8 33. Ree1 Nf7 34. Ne6 Nxe6 35. dxe6 Rxe6 36. Rd1 Rb2 37. Qd3 Ree2 38. Bd2 Re7 39. g4 Rb8 40. Bd5 Rf8 41. Bg5 Re5 42. Bf4 Re7 43. Bxd6 Bd4 44. Bxe7 Qxe7 45. Rde1 Qc7 46. Rxf7 Rxf7 47. Rf1 1-0

[Event "Wch U16"]
[Site "Maribor"]
[Date "2012.11.09"]
[Round "2.22"]
[White "Nasuta, Grzegorz"]
[Black "Madrigal Perez, Rodrigo"]
[Result "1-0"]
[WhiteElo "2256"]
[BlackElo "1924"]
[PlyCount "99"]
[EventDate "2012.11.08"]
[EventType "swiss"]
[EventRounds "11"]
[EventCountry "SLO"]
[SourceTitle "EXT 2013"]
[Source "ChessBase"]
[SourceDate "2012.11.22"]
[SourceVersion "1"]
[SourceVersionDate "2012.11.22"]
[SourceQuality "1"]

1. e4 e5 2. Nf3 Nc6 3. Bb5 a6 4. Ba4 Nf6 5. 0-0 b5 6. Bb3 Bc5 7. a4 Bb7 8. c3 d6 9. d4 Bb6 10. Re1 0-0 11. Bg5 h6 12. Bh4 g5 13. Bg3 b4 14. d5 Ne7 15. Nbd2 Ng6 16. cxb4 Nh5 17. Nc4 Ba7 18. Na5 Rb8 19. Nxe5 Nxe5 20. Bxe5 dxe5 21. Qxh5 Qf6 22. Qe2 Qb6 23. Nc4 Qxb4 24. Ra3 Qe7 25. Ba2 Bc8 26. Rg3 Kh7 27. Bb1 Bd7 28. b3 f6 29. Rc1 Be8 30. h3 Rf7 31. Qd1 Bd4 32. Ne3 Bxe3 33. Rxe3 Qb4 34. Rec3 Qb6 35. Bd3 Re7 36. Qc2 Rb7 37. Be2 Bg6 38. Rc6 Qb4 39. Rc4 Qb6 40. Rc6 Qb4 41. Bf3 Kg7 42. Qc3 Bxe4 43. Qxb4 Rxb4 44. Rxc7 Rxc7 45. Rxc7+ Kg6 46. Rc4 Rxc4 47. bxc4 Bb1 48. a5 Ba2 49. Bh5+ Kxh5 50. d6 1-0